A Christian Perspective on Islam (Record no. 20135)

MARC details
000 -LEADER
fixed length control field 00319nam a22001217a 4500
082 ## - DEWEY DECIMAL CLASSIFICATION NUMBER
Classification number 291 MOU
100 ## - MAIN ENTRY--AUTHOR NAME
Author name Moucarry, Chawkat
245 ## - TITLE STATEMENT
Title A Christian Perspective on Islam
260 ## - PUBLICATION, DISTRIBUTION, ETC. (IMPRINT)
Place of publication London
Name of publisher World Vision International
Year of publication 2008
300 ## - PHYSICAL DESCRIPTION
Number of Pages 65
650 ## - SUBJECT ADDED ENTRY--TOPICAL TERM
Topical Term COMPARATIVE RELIGION - iSLAM AND CHRISTIANITY
942 ## - ADDED ENTRY ELEMENTS (KOHA)
Koha item type Books
Holdings
Home library Current library Date acquired Source of acquisition Full call number Accession Number Koha item type
Henry Martyn Institute Library Henry Martyn Institute Library 09/09/2016 Dr Packiam T.Samual 291 MOU 11003431 Books
                   Copyright © 2026 | Henry Martyn Institute | Hyderabad | TS-500052 | INDIA | Implemented by hmi.edu.in
Hit-Count:

Powered by Koha